[Event "46th GRE-chT Premier 2018"]
[Site "Rio Achaia"]
[Date "2018.07.11"]
[Round "3"]
[White "Radeva, Viktoria"]
[Black "Markaki, Sofia"]
[Result "1-0"]
[WhiteElo "2274"]
[BlackElo "1694"]
[Annotator "ChessBase"]
[PlyCount "115"]
[EventDate "2018.07.10"]
[EventType "team-tourn"]
[EventCountry "GRE"]
[SourceTitle "playchess.com"]
[Source "ChessBase"]
[SourceQuality "1"]
[TimeControl "40/5400+30:1800+30"]

1. e4 {[%emt 0:00:41]} c5 {[%emt 0:00:00]} 2. Nf3 {[%emt 0:00:32]} d6 {[%emt 0:00:00]} 3. d4 {[%emt 0:00:27]} cxd4 {[%emt 0:00:00]} 4. Nxd4 {[%emt 0:00:04]} Nf6 {[%emt 0:00:00]} 5. Nc3 {[%emt 0:00:04]} Nc6 {[%emt 0:00:00]} 6. Be2 {[%emt 0:00:05]} e5 {[%emt 0:00:06]} 7. Nb3 {[%emt 0:00:14]} Be7 {[%emt 0:00:16]} 8. O-O {[%emt 0:00:37]} O-O {[%emt 0:04:22]} 9. Be3 {[%emt 0:00:43]} a5 {[%emt 0:00:58]} 10. f3 {[%emt 0:02:38]} Be6 {[%emt 0:00:44]} 11. Nd5 {[%emt 0:10:26]} Bxd5 {[%emt 0:01:15]} 12. exd5 {[%emt 0:00:05]} Nb4 {[%emt 0:04:09]} 13. c4 {[%emt 0:00:47]} b5 {[%emt 0:11:42]} 14. a3 {[%emt 0:06:28]} bxc4 {[%emt 0:00:27]} 15. Bxc4 {[%emt 0:00:03]} Na6 {[%emt 0:00:13]} 16. Qd3 {[%emt 0:03:14]} Nb8 {[%emt 0:21:08]} 17. Bb5 {[%emt 0:08:10]} Qc7 {[%emt 0:02:06]} 18. a4 {[%emt 0:07:10]} Qb7 {[%emt 0:01:08]} 19. Rfd1 {[%emt 0:00:11]} Rc8 {[%emt 0:08:38]} 20. Rac1 {[%emt 0:04:02]} Rxc1 {[%emt 0:04:25]} 21. Bxc1 {[%emt 0:01:12]} Bd8 {[%emt 0:02:43]} 22. Bg5 {[%emt 0:05:28]} Bb6+ {[%emt 0:03:29]} 23. Kh1 {[%emt 0:00:31]} Nfd7 {[%emt 0:03:22]} 24. Be3 {[%emt 0:14:20]} Bxe3 {[%emt 0:12:09]} 25. Qxe3 {[%emt 0:00:01]} g6 {[%emt 0:00:37]} 26. Qc3 {[%emt 0:02:45]} Qb6 {[%emt 0:10:46]} 27. Rc1 {[%emt 0:05:47]} Nf6 {[%emt 0:02:20]} 28. Qd2 {[%emt 0:03:05]} Kg7 {[%emt 0:04:47]} 29. Qd3 {[%emt 0:08:20]} Ra7 {[%emt 0:00:15]} 30. Nd2 {[%emt 0:02:04]} Rc7 {[%emt 0:00:55]} 31. Nc4 {[%emt 0:00:42]} Qc5 {[%emt 0:00:08]} 32. Rd1 {[%emt 0:00:32]} Qb4 {[%emt 0:00:43]} 33. Qc3 {[%emt 0:01:43]} Qc5 {[%emt 0:01:14]} 34. Qd2 {[%emt 0:01:08]} e4 {[%emt 0:00:55]} 35. fxe4 {[%emt 0:03:33]} Nxe4 {[%emt 0:00:26]} 36. Qd4+ {[%emt 0:00:02]} Qxd4 {[%emt 0:00:26]} 37. Rxd4 {[%emt 0:00:01]} f5 {[%emt 0:00:13]} 38. h3 {[%emt 0:00:34]} Ra7 {[%emt 0:00:24]} 39. Kg1 {[%emt 0:01:14]} Kf6 {[%emt 0:00:14]} 40. Rd1 {[%emt 0:00:00]} h6 {[%emt 0:00:00]} 41. Rc1 {[%emt 0:03:11]} Kg5 {[%emt 0:07:16]} 42. Nb6 {[%emt 0:06:27]} Rb7 {[%emt 0:01:43]} 43. Nc4 {[%emt 0:00:32]} Rc7 {[%emt 0:00:39]} 44. Rd1 {[%emt 0:01:41]} Ra7 {[%emt 0:01:48]} 45. Kf1 {[%emt 0:02:00]} Kf4 {[%emt 0:01:55]} 46. Rd3 {[%emt 0:03:20]} Re7 {[%emt 0:14:40]} 47. Rd4 {[%emt 0:05:46]} Kg5 {[%emt 0:04:48]} 48. Nxa5 {[%emt 0:03:41]} Ng3+ {[%emt 0:00:50]} 49. Kf2 {[%emt 0:02:53]} f4 {[%emt 0:00:28]} 50. Nc6 {[%emt 0:01:13]} Nh1+ {[%emt 0:00:53]} 51. Kf1 {[%emt 0:00:13]} Ng3+ {[%emt 0:00:08]} 52. Kg1 {[%emt 0:04:07]} Nxc6 {[%emt 0:01:49]} 53. dxc6 {[%emt 0:00:01]} Re1+ {[%emt 0:00:31]} 54. Kf2 {[%emt 0:00:04]} Rc1 {[%emt 0:00:27]} 55. Kf3 {[%emt 0:04:14]} Nh5 {[%emt 0:01:10]} 56. a5 {[%emt 0:01:09]} Re1 {[%emt 0:00:24]} 57. c7 {[%emt 0:00:52]} Rc1 {[%emt 0:00:06]} 58. Bc4 {[%emt 0:00:22]} 1-0

[Event "46th GRE-chT Premier 2018"]
[Site "Rio Achaia"]
[Date "2018.07.11"]
[Round "3"]
[White "Poulopoulos, Ioannis"]
[Black "Loutragotis, Dimitrios"]
[Result "0-1"]
[WhiteElo "2268"]
[BlackElo "2173"]
[Annotator "NA"]
[PlyCount "104"]
[EventDate "2018.07.10"]
[EventType "team-tourn"]
[EventCountry "GRE"]
[SourceTitle "playchess.com"]
[Source "ChessBase"]
[SourceQuality "1"]
[TimeControl "40/5400+30:1800+30"]

1. d4 {[%emt 0:00:00]} Nf6 {[%emt 0:00:00]} 2. Nf3 {[%emt 0:00:32]} g6 {[%emt 0:00:00]} 3. Bg5 {[%emt 0:00:20]} Bg7 {[%emt 0:00:07]} 4. Nbd2 {[%emt 0:00:35]} O-O {[%emt 0:00:42]} 5. c3 {[%emt 0:00:27]} d6 {[%emt 0:00:08]} 6. e4 {[%emt 0:00:34]} Nbd7 {[%emt 0:00:13]} 7. Bd3 {[%emt 0:01:30]} h6 {[%emt 0:00:31]} 8. Bh4 {[%emt 0:00:34]} Qe8 {[%emt 0:00:21]} 9. O-O {[%emt 0:01:49]} e5 {[%emt 0:00:57]} 10. Re1 {[%emt 0:00:55]} Nh5 {[%emt 0:00:22]} 11. dxe5 {[%emt 0:07:03]} dxe5 {[%emt 0:01:55]} 12. Nc4 {[%emt 0:00:38]} Nf4 {[%emt 0:08:46]} 13. Bf1 {[%emt 0:00:10]} Nb6 {[%emt 0:02:05]} 14. Ne3 {[%emt 0:01:36]} Be6 {[%emt 0:00:34]} 15. Qc2 {[%emt 0:01:35]} f6 {[%emt 0:12:52]} 16. Nd2 {[%emt 0:05:24]} Qf7 {[%emt 0:02:35]} 17. f3 {[%emt 0:06:49]} Rfd8 {[%emt 0:01:42]} 18. Bf2 {[%emt 0:13:51]} Bf8 {[%emt 0:02:22]} 19. b3 {[%emt 0:15:40]} a5 {[%emt 0:07:49]} 20. a4 {[%emt 0:00:48]} Nd7 {[%emt 0:00:59]} 21. Ndc4 {[%emt 0:05:30]} Nc5 {[%emt 0:04:48]} 22. Rad1 {[%emt 0:00:42]} Rxd1 {[%emt 0:11:03]} 23. Rxd1 {[%emt 0:00:24]} c6 {[%emt 0:00:06]} 24. g3 {[%emt 0:01:35]} Nh5 {[%emt 0:03:57]} 25. Nb6 {[%emt 0:10:15]} Rb8 {[%emt 0:15:48]} 26. Nec4 {[%emt 0:01:16]} Ng7 {[%emt 0:03:25]} 27. b4 {[%emt 0:06:44]} axb4 {[%emt 0:01:05]} 28. cxb4 {[%emt 0:00:05]} Na6 {[%emt 0:01:51]} 29. b5 {[%emt 0:01:15]} Nb4 {[%emt 0:01:18]} 30. Qb2 {[%emt 0:01:04]} Ne8 {[%emt 0:00:30]} 31. Be1 {[%emt 0:03:45]} Bc5+ {[%emt 0:05:22]} 32. Kh1 {[%emt 0:01:07]} Qc7 {[%emt 0:00:29]} 33. Bxb4 {[%emt 0:05:35]} Bxb6 {[%emt 0:00:19]} 34. Nxb6 {[%emt 0:00:05]} Qxb6 {[%emt 0:00:12]} 35. a5 {[%emt 0:00:11]} Qe3 {[%emt 0:01:06]} 36. Rd3 {[%emt 0:01:00]} Qa7 {[%emt 0:06:01]} 37. b6 {[%emt 0:05:09]} Qa6 {[%emt 0:00:05]} 38. Rd1 {[%emt 0:00:45]} Bc4 {[%emt 0:00:35]} 39. Bh3 {[%emt 0:01:01]} Qb5 {[%emt 0:03:27]} 40. Qc3 {[%emt 0:00:00]} c5 {[%emt 0:00:00]} 41. Bxc5 {[%emt 0:02:27]} Qxc5 {[%emt 0:11:23]} 42. Be6+ {[%emt 0:00:12]} Kh8 {[%emt 0:00:25]} 43. Qxc4 {[%emt 0:10:10]} Qxa5 {[%emt 0:01:56]} 44. Rd7 {[%emt 0:05:39]} h5 {[%emt 0:10:48]} 45. Bg8 {[%emt 0:08:05]} Ng7 {[%emt 0:00:38]} 46. Rxg7 {[%emt 0:00:15]} Qe1+ {[%emt 0:00:07]} 47. Kg2 {[%emt 0:00:04]} Qd2+ {[%emt 0:00:47]} 48. Kh3 {[%emt 0:00:08]} Kxg7 {[%emt 0:00:05]} 49. Qf7+ {[%emt 0:01:01]} Kh6 {[%emt 0:00:04]} 50. Qh7+ {[%emt 0:00:11]} Kg5 {[%emt 0:00:04]} 51. Bf7 {[%emt 0:00:03]} Qd7+ {[%emt 0:00:22]} 52. g4 {[%emt 0:00:01]} Kf4 0-1

[Event "46th GRE-chT Premier 2018"]
[Site "Rio Achaia"]
[Date "2018.07.11"]
[Round "3"]
[White "Mihailidis, Anastasios"]
[Black "Galopoulos, Nikolaos"]
[Result "1/2-1/2"]
[WhiteElo "2265"]
[BlackElo "2351"]
[Annotator "NA"]
[PlyCount "61"]
[EventDate "2018.07.10"]
[EventType "team-tourn"]
[EventCountry "GRE"]
[SourceTitle "playchess.com"]
[Source "ChessBase"]
[SourceQuality "1"]
[TimeControl "40/5400+30:1800+30"]

1. e4 {[%emt 0:03:19]} c5 {[%emt 0:00:00]} 2. Nf3 {[%emt 0:00:31]} d6 {[%emt 0:00:00]} 3. Bc4 {[%emt 0:00:58]} Nc6 {[%emt 0:02:54]} 4. O-O {[%emt 0:04:10]} Nf6 {[%emt 0:00:10]} 5. Qe2 {[%emt 0:01:39]} e6 {[%emt 0:04:10]} 6. c3 {[%emt 0:05:37]} Nxe4 {[%emt 0:04:09]} 7. Qxe4 {[%emt 0:00:23]} d5 {[%emt 0:00:02]} 8. Bxd5 {[%emt 0:00:11]} Qxd5 {[%emt 0:00:01]} 9. Qxd5 {[%emt 0:00:14]} exd5 {[%emt 0:00:02]} 10. Re1+ {[%emt 0:00:58]} Be7 {[%emt 0:00:08]} 11. d4 {[%emt 0:01:30]} cxd4 {[%emt 0:12:19]} 12. Nxd4 {[%emt 0:06:03]} Nxd4 {[%emt 0:00:03]} 13. cxd4 {[%emt 0:00:08]} Be6 {[%emt 0:00:04]} 14. Nc3 {[%emt 0:01:31]} Kd7 {[%emt 0:00:03]} 15. Bf4 {[%emt 0:10:20]} Rac8 {[%emt 0:00:16]} 16. Rac1 {[%emt 0:02:23]} Bb4 {[%emt 0:03:35]} 17. a3 {[%emt 0:02:25]} Bxc3 {[%emt 0:00:26]} 18. Rxc3 {[%emt 0:00:31]} Rxc3 {[%emt 0:00:09]} 19. bxc3 {[%emt 0:00:01]} Rc8 {[%emt 0:00:08]} 20. Rb1 {[%emt 0:03:37]} b6 {[%emt 0:00:17]} 21. Bd2 {[%emt 0:03:45]} Bf5 {[%emt 0:00:08]} 22. Re1 {[%emt 0:05:14]} Rc4 {[%emt 0:01:14]} 23. f3 {[%emt 0:08:08]} Ra4 {[%emt 0:02:03]} 24. Bc1 {[%emt 0:01:22]} Ra5 {[%emt 0:04:03]} 25. Kf2 {[%emt 0:02:13]} Rb5 {[%emt 0:00:26]} 26. Ke3 {[%emt 0:02:38]} Rb1 {[%emt 0:00:10]} 27. Kd2 {[%emt 0:01:19]} Ra1 {[%emt 0:00:49]} 28. Bb2 {[%emt 0:01:49]} Rxe1 {[%emt 0:00:05]} 29. Kxe1 {[%emt 0:00:06]} Kc6 {[%emt 0:00:03]} 30. Bc1 {[%emt 0:00:32]} Kb5 {[%emt 0:02:44]} 31. Bf4 {[%emt 0:00:36]} 1/2-1/2

[Event "46th GRE-chT Premier 2018"]
[Site "Rio Achaia"]
[Date "2018.07.11"]
[Round "3"]
[White "Ratsma, Rosa"]
[Black "Stoumbou, Eleni"]
[Result "1-0"]
[WhiteElo "2265"]
[BlackElo "1811"]
[Annotator "NA"]
[PlyCount "127"]
[EventDate "2018.07.10"]
[EventType "team-tourn"]
[EventCountry "GRE"]
[SourceTitle "playchess.com"]
[Source "ChessBase"]
[SourceQuality "1"]
[TimeControl "40/5400+30:1800+30"]

1. e4 {[%emt 0:00:00]} c6 {[%emt 0:00:00]} 2. Nc3 {[%emt 0:00:00]} d5 {[%emt 0:00:00]} 3. Nf3 {[%emt 0:00:09]} dxe4 {[%emt 0:00:02]} 4. Nxe4 {[%emt 0:00:08]} Nf6 {[%emt 0:00:22]} 5. Qe2 {[%emt 0:00:23]} Bg4 {[%emt 0:00:59]} 6. h3 {[%emt 0:01:03]} Bh5 {[%emt 0:00:54]} 7. Nxf6+ {[%emt 0:00:43]} gxf6 {[%emt 0:00:13]} 8. d3 {[%emt 0:00:32]} Qb6 {[%emt 0:10:01]} 9. g4 {[%emt 0:07:06]} Bg6 {[%emt 0:00:08]} 10. Nh4 {[%emt 0:00:50]} Nd7 {[%emt 0:11:32]} 11. Bg2 {[%emt 0:10:06]} f5 {[%emt 0:07:26]} 12. Nxf5 {[%emt 0:05:14]} Bxf5 {[%emt 0:00:22]} 13. gxf5 {[%emt 0:00:17]} Qa5+ {[%emt 0:00:55]} 14. Bd2 {[%emt 0:00:33]} Qxf5 {[%emt 0:00:22]} 15. Be4 {[%emt 0:02:41]} Qe6 {[%emt 0:02:20]} 16. Qg4 {[%emt 0:02:26]} Qxg4 {[%emt 0:13:09]} 17. hxg4 {[%emt 0:00:08]} Bg7 {[%emt 0:03:20]} 18. O-O-O {[%emt 0:02:01]} h6 {[%emt 0:10:19]} 19. f4 {[%emt 0:08:47]} O-O-O {[%emt 0:02:36]} 20. Bf3 {[%emt 0:00:51]} Bf6 {[%emt 0:03:47]} 21. Rh3 {[%emt 0:03:25]} Nb6 {[%emt 0:11:20]} 22. Be2 {[%emt 0:09:21]} Na4 {[%emt 0:02:18]} 23. c3 {[%emt 0:00:21]} Nc5 {[%emt 0:02:10]} 24. Rdh1 {[%emt 0:00:30]} Bg7 {[%emt 0:02:52]} 25. f5 {[%emt 0:05:43]} Bf6 {[%emt 0:03:42]} 26. b4 {[%emt 0:01:28]} Nd7 {[%emt 0:01:41]} 27. Rxh6 {[%emt 0:01:13]} Rxh6 {[%emt 0:01:13]} 28. Rxh6 {[%emt 0:00:16]} Rg8 {[%emt 0:07:02]} 29. Rh5 {[%emt 0:01:03]} Rh8 {[%emt 0:00:56]} 30. g5 {[%emt 0:01:31]} Bg7 {[%emt 0:00:28]} 31. d4 {[%emt 0:04:04]} Rxh5 {[%emt 0:01:05]} 32. Bxh5 {[%emt 0:00:08]} f6 {[%emt 0:00:10]} 33. g6 {[%emt 0:00:56]} Nf8 {[%emt 0:00:17]} 34. Kc2 {[%emt 0:03:44]} e6 {[%emt 0:00:47]} 35. fxe6 {[%emt 0:00:54]} Nxe6 {[%emt 0:00:09]} 36. Bg4 {[%emt 0:01:24]} Kd7 {[%emt 0:00:15]} 37. Kd3 {[%emt 0:01:30]} Ke7 {[%emt 0:01:21]} 38. Bf5 {[%emt 0:01:15]} Nf8 {[%emt 0:01:50]} 39. a4 {[%emt 0:00:52]} Nd7 {[%emt 0:00:16]} 40. Bf4 {[%emt 0:00:00]} a6 {[%emt 0:00:00]} 41. a5 {[%emt 0:04:32]} Bf8 {[%emt 0:05:42]} 42. Ke4 {[%emt 0:04:42]} Bg7 {[%emt 0:04:20]} 43. Kf3 {[%emt 0:02:47]} Nf8 {[%emt 0:01:31]} 44. Bc8 {[%emt 0:00:54]} Nxg6 {[%emt 0:00:33]} 45. Bxb7 {[%emt 0:01:44]} Nxf4 {[%emt 0:01:12]} 46. Kxf4 {[%emt 0:00:08]} Bh6+ {[%emt 0:00:44]} 47. Ke4 {[%emt 0:00:18]} Kd6 {[%emt 0:00:43]} 48. Bxa6 {[%emt 0:00:18]} f5+ {[%emt 0:00:51]} 49. Kd3 {[%emt 0:01:17]} Kc7 {[%emt 0:00:44]} 50. Bc4 {[%emt 0:01:18]} f4 {[%emt 0:01:22]} 51. Be6 {[%emt 0:00:20]} f3 {[%emt 0:03:18]} 52. c4 {[%emt 0:02:26]} Kb7 {[%emt 0:05:30]} 53. Bh3 {[%emt 0:02:46]} Bg5 {[%emt 0:04:30]} 54. Bf1 {[%emt 0:01:13]} Bh4 {[%emt 0:02:17]} 55. b5 {[%emt 0:01:47]} cxb5 {[%emt 0:01:40]} 56. cxb5 {[%emt 0:00:09]} Bd8 {[%emt 0:01:12]} 57. a6+ {[%emt 0:00:25]} Kb8 {[%emt 0:01:42]} 58. Ke4 {[%emt 0:01:48]} Bb6 {[%emt 0:00:14]} 59. Ke5 {[%emt 0:01:20]} Kc7 {[%emt 0:00:22]} 60. d5 {[%emt 0:00:51]} Bc5 {[%emt 0:01:33]} 61. Ke6 {[%emt 0:00:26]} Kd8 {[%emt 0:00:18]} 62. d6 {[%emt 0:00:26]} Ba7 {[%emt 0:00:46]} 63. Kd5 {[%emt 0:00:20]} Kd7 {[%emt 0:00:55]} 64. Bh3+ {[%emt 0:00:11]} 1-0

[Event "46th GRE-chT Premier 2018"]
[Site "Rio Achaia"]
[Date "2018.07.11"]
[Round "3"]
[White "Kesidis, Odyseas"]
[Black "Tzouganakis, Panteleimon"]
[Result "1-0"]
[WhiteElo "2248"]
[BlackElo "2206"]
[Annotator "NA"]
[PlyCount "107"]
[EventDate "2018.07.10"]
[EventType "team-tourn"]
[EventCountry "GRE"]
[SourceTitle "playchess.com"]
[Source "ChessBase"]
[SourceQuality "1"]
[TimeControl "40/5400+30:1800+30"]

1. e4 g6 2. d4 Bg7 3. Nf3 d6 4. Bd3 Bg4 5. c3 e5 6. dxe5 Bxf3 7. Qxf3 dxe5 8. O-O Nf6 9. Rd1 O-O 10. Bg5 Qe7 11. Nd2 Nbd7 12. Nc4 Nc5 13. Bc2 Qe6 14. Ne3 Qc6 15. Nd5 Nxd5 16. Rxd5 Ne6 17. Be3 Nd4 18. Qd1 Nxc2 19. Qxc2 b6 20. Rad1 Bf6 21. R1d2 Rfd8 22. c4 Rxd5 23. cxd5 Qd7 24. Rd1 Be7 25. Rc1 Bd6 26. Qc6 Qxc6 27. Rxc6 f6 28. Kf1 Kf7 29. Ke2 Ke7 30. g4 g5 31. Rc1 Kd7 32. h4 h6 33. Rh1 Rf8 34. hxg5 hxg5 35. Kd3 Rf7 36. Rh8 Bf8 37. Bd2 c6 38. f3 Kc7 39. a4 Kb7 40. b4 Kc7 41. dxc6 Kxc6 42. Kc4 a6 43. b5+ axb5+ 44. axb5+ Kb7 45. Kd5 Rd7+ 46. Ke6 Rd6+ 47. Kf5 Rxd2 48. Rxf8 Rb2 49. Rf7+ Kc8 50. Kxf6 Rxb5 51. Kxg5 Rb1 52. Kf6 b5 53. g5 Rf1 54. g6 1-0

[Event "46th GRE-chT Premier 2018"]
[Site "Rio Achaia"]
[Date "2018.07.11"]
[Round "3"]
[White "Hadzimanolis, Antonios"]
[Black "Milonakis, Georgios"]
[Result "0-1"]
[WhiteElo "2246"]
[BlackElo "2200"]
[Annotator "NA"]
[PlyCount "114"]
[EventDate "2018.07.10"]
[EventType "team-tourn"]
[EventCountry "GRE"]
[SourceTitle "playchess.com"]
[Source "ChessBase"]
[SourceQuality "1"]
[TimeControl "40/5400+30:1800+30"]

1. e4 {[%emt 0:00:00]} e5 {[%emt 0:00:00]} 2. Nf3 {[%emt 0:00:00]} Nc6 {[%emt 0:00:07]} 3. Bb5 {[%emt 0:00:00]} a6 {[%emt 0:00:21]} 4. Ba4 {[%emt 0:00:05]} Nf6 {[%emt 0:00:18]} 5. O-O {[%emt 0:00:10]} Be7 {[%emt 0:00:37]} 6. Re1 {[%emt 0:00:09]} b5 {[%emt 0:00:47]} 7. Bb3 {[%emt 0:00:04]} d6 {[%emt 0:00:23]} 8. c3 {[%emt 0:00:17]} O-O {[%emt 0:00:30]} 9. h3 {[%emt 0:00:05]} Na5 {[%emt 0:01:21]} 10. Bc2 {[%emt 0:00:07]} c5 {[%emt 0:00:15]} 11. d4 {[%emt 0:00:07]} Qc7 {[%emt 0:01:07]} 12. Nbd2 {[%emt 0:00:10]} cxd4 {[%emt 0:01:14]} 13. cxd4 {[%emt 0:00:04]} Nc6 {[%emt 0:00:16]} 14. a3 {[%emt 0:03:01]} exd4 {[%emt 0:03:39] C99: Spanische Partie (Tschigorin-System)} 15. Nb3 {[%emt 0:00:29]} d3 {[%emt 0:05:02]} (15... Bb7 16. Nbxd4 Nxd4 17. Nxd4 Rfe8 18. Bf4 Bf8 19. f3 Nh5 20. Bh2 g6 21. Bb3 Bg7 22. Kh1 {½-½ (33) Gashimov,V (2734)-Akopian,V (2694) Astrakhan 2010 CBM 137 [Marin,M]}) 16. Bxd3 {[%emt 0:02:23]} Ne5 {[%emt 0:00:40]} 17. Bb1 {[%emt 0:08:11]} Bb7 {[%emt 0:06:13]} 18. Bf4 {[%emt 0:14:40]} Nfd7 $146 {[%emt 0:04:37]} ({Vorgänger:} 18... Ng6 19. Bh2 Qb6 20. Qd4 Qxd4 21. Nfxd4 d5 22. e5 {1-0 (36) Havlikova,K (2079)-Miturova,M (1789) Sec u Chrudimi 2008}) 19. Ba2 {[%emt 0:19:09]} Rac8 {[%emt 0:10:48]} 20. Nbd4 {[%emt 0:11:23]} Nc5 {[%emt 0:05:58]} 21. Bh2 {[%emt 0:16:24]} g6 {[%emt 0:15:54]} 22. Bd5 {[%emt 0:05:46]} Ncd3 {[%emt 0:12:46]} 23. Nxe5 {[%emt 0:02:04]} Nxe5 {[%emt 0:05:25]} 24. a4 {[%emt 0:04:48]} Qb6 {[%emt 0:07:05]} 25. axb5 {[%emt 0:05:37]} axb5 {[%emt 0:00:14]} 26. Bxb7 {[%emt 0:02:17]} Qxb7 {[%emt 0:00:11]} 27. Ra5 {[%emt 0:00:18]} Rc5 {[%emt 0:06:00]} 28. b4 {[%emt 0:04:04]} Rc3 {[%emt 0:02:10]} 29. Nxb5 {[%emt 0:01:29]} Rd3 {[%emt 0:02:57]} 30. Qe2 {[%emt 0:00:14]} Rb3 {[%emt 0:02:10]} 31. Ra7 {[%emt 0:00:05]} Qb6 {[%emt 0:00:03]} 32. Rxe7 {[%emt 0:00:17]} Nd3 {[%emt 0:00:04]} 33. Nxd6 {[%emt 0:01:55]} Rb2 {[%emt 0:02:11]} 34. Nc4 {[%emt 0:00:36]} Rxe2 {[%emt 0:00:19]} 35. Rxe2 {[%emt 0:00:06]} Qxb4 {[%emt 0:00:12]} 36. Bd6 {[%emt 0:00:36]} Qxc4 {[%emt 0:00:44]} 37. Rc7 {[%emt 0:00:02]} Qb3 {[%emt 0:01:56]} 38. Bxf8 {[%emt 0:01:03]} Kxf8 {[%emt 0:00:48]} 39. Rd2 {[%emt 0:00:32]} Qb1+ {[%emt 0:00:50]} 40. Kh2 {[%emt 0:00:00]} Qb8 {[%emt 0:00:00]} 41. Rxd3 {[%emt 0:00:30]} Qxc7+ {[%emt 0:00:20]} 42. g3 {[%emt 0:03:45]} Qc2 {[%emt 0:00:32]} 43. Rf3 {[%emt 0:00:07]} Qxe4 {[%emt 0:00:15]} 44. Rf4 {[%emt 0:00:07]} Qd5 {[%emt 0:00:22]} 45. h4 {[%emt 0:00:12]} Ke7 {[%emt 0:02:49]} 46. Kg1 {[%emt 0:00:28]} Ke6 {[%emt 0:00:31]} 47. Kh2 {[%emt 0:00:22]} h6 {[%emt 0:00:34]} 48. Kg1 {[%emt 0:00:35]} f5 {[%emt 0:02:17]} 49. Rb4 {[%emt 0:00:21]} Qc6 {[%emt 0:00:54]} 50. Rd4 {[%emt 0:02:20]} Ke5 {[%emt 0:01:01]} 51. Rb4 {[%emt 0:00:42]} Qc5 {[%emt 0:02:05]} 52. Rb8 {[%emt 0:06:28]} f4 {[%emt 0:01:37]} 53. Rb3 {[%emt 0:04:13]} Qd5 {[%emt 0:01:28]} 54. gxf4+ {[%emt 0:04:04]} Kxf4 {[%emt 0:00:29]} 55. Rg3 {[%emt 0:00:05]} Qe4 {[%emt 0:07:44]} 56. Kh2 $19 {[%emt 0:11:47]} Kf5 {[%emt 0:02:30]} 57. Rh3 {[%emt 0:00:57]} Qg4 {[%emt 0:01:32]} 0-1

[Event "46th GRE-chT Premier 2018"]
[Site "Rio Achaia"]
[Date "2018.07.11"]
[Round "3"]
[White "Ergazakis, Ioannis"]
[Black "Kazakos, Markos"]
[Result "1-0"]
[WhiteElo "2228"]
[BlackElo "2051"]
[Annotator "NA"]
[PlyCount "55"]
[EventDate "2018.07.10"]
[EventType "team-tourn"]
[EventCountry "GRE"]
[SourceTitle "playchess.com"]
[Source "ChessBase"]
[SourceQuality "1"]
[TimeControl "40/5400+30:1800+30"]

1. e4 {[%emt 0:00:00]} g6 {[%emt 0:00:00]} 2. d4 {[%emt 0:00:00]} Bg7 {[%emt 0:00:03]} 3. Nc3 {[%emt 0:00:00]} d6 {[%emt 0:00:09]} 4. Be3 {[%emt 0:00:00]} a6 {[%emt 0:00:22]} 5. a4 {[%emt 0:00:11]} b6 {[%emt 0:00:59]} 6. h4 {[%emt 0:00:09]} h5 {[%emt 0:03:41]} 7. Nh3 {[%emt 0:00:35]} Bb7 {[%emt 0:01:31]} 8. f3 {[%emt 0:00:14]} Nd7 {[%emt 0:06:50]} 9. Ng5 {[%emt 0:03:12]} Ngf6 {[%emt 0:07:24]} 10. Qd2 {[%emt 0:00:50]} c5 {[%emt 0:02:02]} 11. Be2 {[%emt 0:04:24]} cxd4 {[%emt 0:07:35]} 12. Bxd4 {[%emt 0:00:23]} O-O {[%emt 0:06:13]} 13. O-O {[%emt 0:01:02]} Qc7 {[%emt 0:03:50]} 14. f4 {[%emt 0:09:39]} e5 {[%emt 0:08:55]} 15. Be3 {[%emt 0:00:28]} exf4 {[%emt 0:00:26]} 16. Rxf4 {[%emt 0:00:55]} Nh7 {[%emt 0:14:54]} 17. Nxh7 {[%emt 0:24:52]} Kxh7 {[%emt 0:00:10]} 18. Raf1 {[%emt 0:00:10]} Ne5 {[%emt 0:02:34]} 19. R4f2 {[%emt 0:01:47]} Rac8 {[%emt 0:10:29]} 20. Qd1 {[%emt 0:02:54]} Nc4 {[%emt 0:06:33]} 21. Bxc4 {[%emt 0:05:44]} Qxc4 {[%emt 0:00:10]} 22. Qxd6 {[%emt 0:04:02]} Qe6 {[%emt 0:06:01]} 23. Qxe6 {[%emt 0:00:57]} fxe6 {[%emt 0:00:06]} 24. Rf7 {[%emt 0:00:25]} Rxf7 {[%emt 0:01:04]} 25. Rxf7 {[%emt 0:00:07]} Bc6 {[%emt 0:01:01]} 26. Bd4 {[%emt 0:00:15]} Rg8 {[%emt 0:01:54]} 27. Rc7 {[%emt 0:01:10]} Ba8 {[%emt 0:00:47]} 28. Ra7 {[%emt 0:01:32]} 1-0

[Event "46th GRE-chT Premier 2018"]
[Site "Rio Achaia"]
[Date "2018.07.11"]
[Round "3"]
[White "Papadopoulos, Nikolaos"]
[Black "Klerides, Paris"]
[Result "1-0"]
[WhiteElo "2228"]
[BlackElo "2196"]
[Annotator "NA"]
[PlyCount "61"]
[EventDate "2018.07.10"]
[EventType "team-tourn"]
[EventCountry "GRE"]
[SourceTitle "playchess.com"]
[Source "ChessBase"]
[SourceQuality "1"]
[TimeControl "40/5400+30:1800+30"]

1. e4 {[%emt 0:00:34]} c5 {[%emt 0:00:10]} 2. Nf3 {[%emt 0:00:11]} d6 {[%emt 0:00:02]} 3. d4 {[%emt 0:00:57]} cxd4 {[%emt 0:00:04]} 4. Nxd4 {[%emt 0:00:10]} Nf6 {[%emt 0:00:03]} 5. Nc3 {[%emt 0:00:13]} a6 {[%emt 0:00:33]} 6. Nb3 {[%emt 0:02:53]} e6 {[%emt 0:06:37]} 7. g4 {[%emt 0:02:52]} b5 {[%emt 0:11:16]} 8. a3 {[%emt 0:16:05]} Bb7 {[%emt 0:00:58]} 9. Bg2 {[%emt 0:01:53]} Be7 {[%emt 0:03:20]} 10. g5 {[%emt 0:08:28]} Nfd7 {[%emt 0:00:08]} 11. f4 {[%emt 0:00:57]} Qb6 {[%emt 0:10:02]} 12. Qe2 {[%emt 0:01:27]} Nc5 {[%emt 0:04:50]} 13. Be3 {[%emt 0:05:10]} Nbd7 {[%emt 0:03:13]} 14. O-O {[%emt 0:09:09]} Qc7 {[%emt 0:04:46]} 15. f5 {[%emt 0:06:29]} e5 {[%emt 0:17:28]} 16. Nxc5 {[%emt 0:08:27]} dxc5 {[%emt 0:01:50]} 17. Nd5 {[%emt 0:15:53]} Bxd5 {[%emt 0:01:54]} 18. exd5 {[%emt 0:00:02]} Bd6 {[%emt 0:01:11]} 19. a4 {[%emt 0:02:05]} b4 {[%emt 0:06:04]} 20. Qh5 {[%emt 0:01:57]} a5 {[%emt 0:17:59]} 21. c3 {[%emt 0:01:33]} c4 {[%emt 0:01:37]} 22. Kh1 {[%emt 0:00:53]} Rb8 {[%emt 0:01:37]} 23. f6 {[%emt 0:04:58]} g6 {[%emt 0:01:27]} 24. Qh6 {[%emt 0:00:02]} Bf8 {[%emt 0:00:37]} 25. d6 {[%emt 0:00:51]} Qxd6 {[%emt 0:01:34]} 26. Qh3 {[%emt 0:02:26]} Nc5 {[%emt 0:01:05]} 27. Bxc5 {[%emt 0:03:29]} Qxc5 28. Rad1 {[%emt 0:00:22]} Rd8 {[%emt 0:02:45]} 29. Rxd8+ {[%emt 0:00:30]} Kxd8 {[%emt 0:00:01]} 30. Rd1+ {[%emt 0:00:11]} Bd6 {[%emt 0:00:38]} 31. Qf3 {[%emt 0:00:24]} 1-0